000 00644nam a2200229 a 4500
008
020 _a071313495X (pbk.)
049 _aMAIN
090 _aTK7876
100 1 _aEdwards, T. C.
245 1 0 _aIntroduction to microwave electronics /
_cEdwards T.C
260 _aLondon :
_bE. Arnold,
_c1984.
300 _avi, 76 p. :
_bill. ;
_c24 cm.
504 _aIncludes bibliographical references.
500 _aIncludes index.
650 0 _aMicrowave devices.
907 _a.b10007489
_b08-11-05
_c17-04-03
003
005 20230123134052.0
040 _cNUST
942 _cBOOKS
_kTK7876
999 _c159484
_d159484